<The> international dimension of environmental policy. International coordination of environmental policies.
Ochrana životného prostredia vo výskumných programoch v 60. a 70. rokoch a nová problematika ochrany životného prostredia v 80. a 90. rokoch. Medzinárodná dimenzia fenoménu životného prostredia. Nové problémy ochrany životného prostredia a ich dopad a dôsledky pre ekonomickú analýzu. Význam a opodst...
Salvato in:
| Autore principale: | |
|---|---|
| Altri autori: | |
| Natura: | Capitolo di libro |
| Lingua: | inglese |
| Soggetti: | |
| Tags: |
Nessun Tag, puoi essere il primo ad aggiungerne!!
|
MARC
| LEADER | 00000naa a2200000 4500 | ||
|---|---|---|---|
| 001 | r009930 | ||
| 005 | 20221130112810.6 | ||
| 041 | 0 | |a eng | |
| 044 | |a NL | ||
| 245 | 1 | 0 | |a <The> international dimension of environmental policy. |b International coordination of environmental policies. |c C. Carraro, D. Siniscalco |
| 520 | |a Ochrana životného prostredia vo výskumných programoch v 60. a 70. rokoch a nová problematika ochrany životného prostredia v 80. a 90. rokoch. Medzinárodná dimenzia fenoménu životného prostredia. Nové problémy ochrany životného prostredia a ich dopad a dôsledky pre ekonomickú analýzu. Význam a opodstatnenie každoročných správ OSN o programoch ochrany životného prostredia a ich plnenie. | ||
| 610 | 2 | 0 | |a ochrana prostredia životného |
| 610 | 2 | 0 | |a ekológia |
| 610 | 2 | 0 | |a programy výskumné |
| 610 | 2 | 0 | |a 1960-1979 |
| 610 | 2 | 0 | |a 1980-1999 |
| 610 | 2 | 0 | |a KNEP |
| 610 | 2 | 0 | |a exhaláty |
| 610 | 2 | 0 | |a analýza ekonomická |
| 610 | 2 | 0 | |a zmluvy medzinárodné |
| 100 | 1 | |a Carraro, C. | |
| 700 | 1 | |a Siniscalco, D. | |